000
00332nam a22001337a 4500
008
260213b |||||||| |||| 00| 0 eng d
020
_a
9788172850623
082
_a
891.43 KAR
100
_a
Kaaranta, Shivarama K
245
_a
Mookajjiya Kanasugalu
260
_a
Bengaluru
_b
Deepak S Shah
_c
1968
300
_a
272 pages
942
_c
C
999
_c
65598
_d
65598